10 największych miast na Białorusi - Statystyki

Ogólne statystyki
  • Ten quiz został rozwiązany 241 razy
  • Średni wynik to 6 z 10
Statystyki odpowiedzi
Liczba ludności % ludności Miasto % Poprawnych
1 885 067 20% Mińsk
100%
320 920 3,4% Brześć
87%
346 601 3,7% Grodno
82%
498 075 5,3% Homel
62%
359 544 3,8% Witebsk
54%
363 363 3,8% Mohylew
48%
145 879 1,5% Borysów
40%
134 230 1,4% Pińsk
37%
169 841 1,8% Baranowicze
29%
216 522 2,3% Bobrujsk
19%
Nie znaleziono quizów pasujących do podanych kryteriów
Rozkład punktacji
Procent ludzi z każdym wynikiem
Percentyl według liczby udzielonych odpowiedzi
Twoja historia wyników
Nie rozwiązałeś tego quizu